00874nam a22002057a 450000500170000000800410001701000130005802000260007103500130009703700220011004000180013210000230015024000110017324501220018426000480030627000640035430000450041850501870046370000180065020100326105032.0080904s2008 pk 000 0 eng  aB-361794 a9780195474770c495.00 aB-361794 bUppal Book Store  adplbEnglish  aNadeēm, Shāhid aPlays. aSelected plays /cby Shahid Nadeem ; translators, Tahira Naqvi ... [et al.] ; introduction, Shaista Sonnu Sirajuddin. aNew Delhi bOxford University Press,c2008. aYMCA Library Building, Jai Singh Road, bNew Delhi e110001 axxxii, 329 p. :bb&w photos c23 cm(Hb)  aTesri dastak, The third knock -- Barri, Acquittal -- Aik thee nani, A granny for all seasons -- Kala meda bhes, Black is my robe -- Dukhini, Woman of sorrow -- Bulha -- Burqavaganza. aTahira Naqvi